000 00306nam a22001457a 4500
008 221025b ||||| |||| 00| 0 eng d
020 _a1556700075
041 _aeng
080 _a7
082 _a7
100 _a21.1
101 _aART
245 _aPAINTINGS IN THE LOUVRE
_cGOWING L
942 _2udc
_cBK
999 _c58671
_d58671